¡Cuidado con el perro! /
Guardado en:
| Autor Principal: | |
|---|---|
| Otros Autores: | |
| Formato: | Libro |
| Publicado: |
Buenos Aires :
Alfaguara,
2011.
|
| Edición: | 2a. reimp. |
| Series: | Alfaguara Infantil
|
| Materias: | |
| Etiquetas: |
Agregar Etiqueta
Sin Etiquetas, Sea el primero en etiquetar este registro!
|
| LEADER | 00716nam a22002415a 4500 | ||
|---|---|---|---|
| 001 | CEM.cems019770 | ||
| 008 | 221018s2011##################000#0#####d | ||
| 005 | 20221018084739.0 | ||
| 245 | 1 | 0 | |a ¡Cuidado con el perro! / |c Liliana Cinetto ; ilustrado por O´Kif-MG. |
| 250 | |a 2a. reimp. | ||
| 260 | |a Buenos Aires : |b Alfaguara, |c 2011. | ||
| 300 | |a 120 p. | ||
| 490 | 0 | |a Alfaguara Infantil | |
| 020 | |a 9789870413585 | ||
| 100 | 1 | |a Cinetto, Liliana | |
| 700 | 1 | |a O´Kif-MG; il. | |
| 082 | 0 | 4 | |a A863.4 |
| 653 | |a Literatura | ||
| 653 | |a Literatura argentina | ||
| 653 | |a Literatura infantil | ||
| 653 | |a Novela | ||
| 653 | |a Novelas infantiles | ||
| 859 | |a CEMS |b BIB. CEMS - Inicial y Primaria |h A863.4 |i C574-2 |k IP |p 6359 |t Ej.1 | ||
